00925naa a2200205 i 4500001000400000003000400004005001700008008003900025040000800064080001100072100015900083245012100242260001000363500004200373650002200415700016700437773008900604942001300693999001300706BPPBPK20140910131045.0140910s1999 pl f |000 0 pol cBPK a628.16 aANIELAK, Anna Maria.d1996 - 2011.bPolitechnika Koszalińska - Wydział Budownictwa i Inżynierii Środowiska,cKatedra Technologii Wody i Ścieków aOczyszczanie wód barwnych w procesie koagulacji z udziałem obciążnika /cAnna M. Anielak, Renata Świderska. c1999. aDane z bibliografii załącznikowej. 0aUzdatnianie wody. aŚWIDERSKA-DĄBROWSKA, Renata.d1996 - .bPolitechnika Koszalińska - Wydział Budownictwa i Inżynierii Środowiska,cKatedra Technologii Wody i Ścieków iW :tWoda, ścieki, odpady w środowisku III. -dZielona Góra, 1999. -gs. 27-37 cART2UKD c941d941